| 000 | 00402nam a22001577a 4500 | ||
|---|---|---|---|
| 999 |
_c12649 _d12649 |
||
| 008 | 210211b ||||| |||| 00| 0 eng d | ||
| 082 | 0 | 0 |
_a621.4021076 _bB7888 |
| 100 |
_92100 _aBoxer, G. |
||
| 245 | 1 | 0 |
_aExamples in engineering thermodynamics _cby G. Boxer |
| 250 | _a1st ed. | ||
| 260 |
_aLondon: _bArnold _c1966 |
||
| 300 | _axi,404p | ||
| 365 | _d45.00 | ||
| 650 | 0 | _aThermodynamics | |
| 942 | _cBK | ||